| 000 | 00540nam a2200157Ia 4500 | ||
|---|---|---|---|
| 008 | 210716s2019 xx 000 0 und d | ||
| 020 | _a9789352138265 | ||
| 041 | _aeng | ||
| 082 | _a005.448 IBRB | ||
| 100 | _aIbryam, Bilgin; Hub, Roland. | ||
| 245 |
_aKubernetes patterns: reusable elements for designing cloud native applications. _bReusable elements for designing cloud native applications. |
||
| 250 | _a1 | ||
| 260 |
_aMumbai _bShroff Publishers and Distributors Pvt Ltd _c2019 |
||
| 300 | _axviii,244 | ||
| 650 | _aCloud Computing | ||
| 999 |
_c197117 _d197117 |
||